000
00326 a2200157 4500
001
164691
020
_a
040
_c
Magnum
100
_a
Brener, Jayme
240
1
0
_a
O mundo pos-guerra fria
_l
por
245
1
0
_a
O mundo pos-guerra fria
362
0
_a
1899
440
1
_a
Scipione
697
_a
PARADIDATICO
942
_c
BK
999
_c
164691
_d
164691